| 000 | 00853nam a2200229 a 4500 | ||
|---|---|---|---|
| 001 | 000012768 | ||
| 005 | 20200929163054.0 | ||
| 008 | 091117s2004 dr a 000 0 spa d | ||
| 020 | _a8482616803 | ||
| 040 |
_aDO-SdBNP _bspa _cBNPHU |
||
| 082 |
_axxxx _bM425 |
||
| 245 | 0 | 0 |
_aMatemáticas 2. / _cdirección editorial Obdulia García de Escobar ; ilustración Juan Pablo Féliz ; editor Andrés Molina Moloon. |
| 260 |
_aSanto Domingo : _bSantillana, _c2004. |
||
| 300 |
_a191 p. : _bil. ; _c28 cm. |
||
| 490 | 1 | _aÁmbar | |
| 500 | _aEste libro ha sido realizado de conformidad con el currículum vigente y ha sido sometido a la aprobobación de la SEE | ||
| 700 | 1 |
_aGarcía Escobar, Obdulia, _edir. ed. _929560 |
|
| 700 | 1 |
_aFliz, Juan Pablo, _eil. _929563 |
|
| 700 | 1 |
_aMolina Maloon, Andrs, _eed. _929564 |
|
| 830 | 0 |
_aÁmbar _96599 |
|
| 049 | _aBNPD | ||
| 999 |
_c12419 _d12419 |
||